书目信息 |
| 题名: |
寻芳天堂鸟
|
|
| 作者: | 勒瓦扬 , 古尔德 , 华莱士 著 ;童孝华 , 连贯怡 译 | |
| 分册: | ||
| 出版信息: | 北京 北京大学出版社 2017 |
|
| 页数: | 31,180页 | |
| 开本: | 24cm | |
| 丛书名: | 博物文库 | |
| 单 册: | ||
| 中图分类: | Q959.7 | |
| 科图分类: | ||
| 主题词: | 雀形目--que xing mu--普及读物 | |
| 电子资源: | ||
| ISBN: | 978-7-301-27837-6 | |
| 000 | 01297nam0 22003371 450 | |
| 001 | 1754574277 | |
| 005 | 20170516112211.0 | |
| 010 | @a978-7-301-27837-6@dCNY68.00 | |
| 100 | @a20170228d2017 em y0chiy50 ea | |
| 101 | 1 | @achi@ceng |
| 102 | @aCN@b110000 | |
| 105 | @aa z 000yy | |
| 106 | @ar | |
| 200 | 1 | @a寻芳天堂鸟@9xin fang tian tang niao@dBirds of paradise@f(法)弗朗索瓦·勒瓦扬,(英)约翰·古尔德,(英)阿尔弗雷德·华莱士著@g童孝华,连贯怡译@zeng |
| 210 | @a北京@c北京大学出版社@d2017 | |
| 215 | @a31,180页@c图@d24cm | |
| 225 | 2 | @a博物文库@9bo wu wen ku@i博物学经典丛书@h第一辑@f薛晓源主编 |
| 300 | @a北京市科学技术委员会科普专项资助 | |
| 330 | @a本书作者生动地展现了天堂鸟的基本形态特征、生境及部分物种的习性等科学信息。 | |
| 461 | 0 | @12001 @a博物文库 |
| 510 | 1 | @aBirds of paradise@zeng |
| 606 | 0 | @a雀形目@9que xing mu@j普及读物 |
| 610 | 0 | @a天堂鸟@Atian tang niao |
| 690 | @aQ959.7@v5 | |
| 701 | 0 | @c(法)@a勒瓦扬@9le wa yang@c(Levaillant, Francois@f1753-1824)@4著 |
| 701 | 0 | @c(英)@a古尔德@9gu er de@c(Gould, John@f1804-1881)@4著 |
| 701 | 0 | @c(英)@a华莱士@9hua lai shi@c(Wallace, Alfred@f1823-1913)@4著 |
| 702 | 0 | @a童孝华@9tong xiao hua@4译 |
| 702 | 0 | @a连贯怡@9lian guan yi@4译 |
| 801 | 0 | @aCN@b百万庄@c20170513 |
| 905 | @b1007010-5@dQ959.7@e169@f6 | |
| 寻芳天堂鸟=Birds of paradise/(法)弗朗索瓦·勒瓦扬,(英)约翰·古尔德,(英)阿尔弗雷德·华莱士著/童孝华,连贯怡译.-北京:北京大学出版社,2017 |
| 31,180页:图;24cm.-(博物文库.博物学经典丛书.第一辑/薛晓源主编) |
| 北京市科学技术委员会科普专项资助 |
| ISBN 978-7-301-27837-6:CNY68.00 |
| 本书作者生动地展现了天堂鸟的基本形态特征、生境及部分物种的习性等科学信息。 |
| ● |
| 相关链接 |
|
|
|
|
正题名:寻芳天堂鸟
索取号:Q959.7/169
 
预约/预借
| 序号 | 登录号 | 条形码 | 馆藏地/架位号 | 状态 | 备注 |
| 1 | 1007010 | 210070108 | 第二样本阅览室/ [索取号:Q959.7/169] | 在馆 | |
| 2 | 1007011 | 210070117 | 教育系资料室/ [索取号:Q959.7/169] | 在馆 | |
| 3 | 1007012 | 210070126 | 教育系资料室/ [索取号:Q959.7/169] | 在馆 | |
| 4 | 1007013 | 210070135 | 教育系资料室/ [索取号:Q959.7/169] | 在馆 | |
| 5 | 1007014 | 210070144 | 第三借阅区/ [索取号:Q959.7/169] | 在馆 | |
| 6 | 1007015 | 210070153 | 第三借阅区/ [索取号:Q959.7/169] | 在馆 |